| 000 | 00000nas 2200000za 4500 |
| 001 | 9.841843 |
| 003 | CaOODSP |
| 005 | 20250403105952 |
| 007 | cr ||||||||||| |
| 008 | 170816d19721986oncar p oss f0###b0fre|d |
| 022 | |y0703-2633|y0703-2544 |
| 040 | |aCaOODSP|bfre |
| 041 | |aeng|afre |
| 043 | |an-cn--- |
| 086 | 1 |aCS11-201-PDF |
| 110 | 2 |aStatistique Canada. |
| 245 | 10|aAnnual report of Statistics Canada |h[ressource électronique]. |
| 246 | 13|aStatistics Canada annual report|f1975/1976-1982/83 |
| 246 | 13|aAnnual report, Statistics Canada|f1983/1984-1985/86 |
| 246 | 13|aRapport annuel|f1973/1974, 1980/81, 1982/83-1983/1984 |
| 246 | 13|aRapport annuel de Statistique Canada|f1972-1972/73, 1974/1975-1979/1980 |
| 246 | 13|aRapport annuel|f1984/85-1985/86 |
| 246 | 13|aRapport annuel de Statistique Canada|f1981/82 |
| 260 | |aOttawa : |bStatistics Canada, |c1972-[1986] |
| 310 | |aAnnuel |
| 362 | 0 |aLe 31 mars 1972-1985/86. |
| 500 | |aÉdition numérisée de l’imprimé [par Statistique Canada]. |
| 515 | |aL'année d'activité se termine le 31 mars. |
| 546 | |aTexte en français et en anglais avec p. de titre addit., 1972-1979/1980, 1984/85-1985/86; texte en anglais et en français, 1980/81-1983/1984. |
| 692 | 07|2gccst|aStatistique |
| 785 | 00|tThe ... annual report of Statistics Canada |w(CaOODSP)9.841845 |
| 791 | |tAnnual report of Statistics Canada |eeng|w(CaOODSP)9.841842 |